| 000 -LEADER |
| fixed length control field |
00813nam a2200253Ia 4500 |
| 001 - CONTROL NUMBER |
| control field |
1112 |
| 003 - CONTROL NUMBER IDENTIFIER |
| control field |
GE_BSU |
| 008 - FIXED-LENGTH DATA ELEMENTS--GENERAL INFORMATION |
| fixed length control field |
181216s||||||||xx |||||||||||||| ||und|| |
| 020 ## - INTERNATIONAL STANDARD BOOK NUMBER |
| International Standard Book Number |
9785060062380 |
| 040 ## - CATALOGING SOURCE |
| Transcribing agency |
GE_BSU |
| 080 ## - UNIVERSAL DECIMAL CLASSIFICATION NUMBER |
| Universal Decimal Classification number |
543(075.8) |
| 100 ## - MAIN ENTRY--PERSONAL NAME |
| Personal name |
Харитонов,Ю.Я. |
| 245 ## - TITLE STATEMENT |
| Title |
Аналитическая химия. Кн.2. |
| 245 ## - TITLE STATEMENT |
| Remainder of title |
Общие теоретические основы.Качественный анализ.Физико-химические(инструментальные методы анализа) |
| 250 ## - EDITION STATEMENT |
| Edition statement |
5-е изд.стереот. |
| 260 ## - PUBLICATION, DISTRIBUTION, ETC. |
| Place of publication, distribution, etc. |
Москва |
| 260 ## - PUBLICATION, DISTRIBUTION, ETC. |
| Name of publisher, distributor, etc. |
Высшая школа |
| 260 ## - PUBLICATION, DISTRIBUTION, ETC. |
| Date of publication, distribution, etc. |
2010 |
| 300 ## - PHYSICAL DESCRIPTION |
| Extent |
560стр. |
| 653 ## - INDEX TERM--UNCONTROLLED |
| Uncontrolled term |
Аналитическая химия |
| 653 ## - INDEX TERM--UNCONTROLLED |
| Uncontrolled term |
Химия |
| 942 ## - ADDED ENTRY ELEMENTS (KOHA) |
| Koha item type |
წიგნი |